Gaming Quiz

Random Gaming or Card Games Quiz

Board Game Blitz Quiz Stats

 Plays Quiz Updated Aug 23, 2017

Also try: Speed Gaming
Challenge
Share
Tweet
Embed
Score 0/24 Timer 03:00
0 Plays Today
Name one of the... Answer % Correct
Monopoly pieces Shoe...
97.8%
Clue(do) roomsConservatory...
96.3%
Chess pieces that cannot move diagonallyRook and knight
93.7%
Battleship piecesDestroyer...
81.9%
Poker handsStraight Flush...
79.4%
Valued squares on a Scrabble boardDouble Letter Score...
78.4%
Trivial Pursuit categoriesGeography...
69.6%
Scrabble letters worth 3 pointsB, C, M, P
68.8%
Operation ailmentsAdam's Apple...
66%
Clue(do) charactersMiss Scarlet...
58.9%
Two-word Yahtzee categoriesLarge straight...
55%
MGM Grand Casino table gamesBaccarat...
53.8%
Name one of the... Answer % Correct
Community cards dealt in Texas Hold 'emFlop, Turn, River
51.7%
'M' Monopoly properties (US or UK)Mayfair...
38.6%
Risk Territories in EuropeScandinavia...
37%
Stratego piecesSpy...
35.8%
Resources in Settlers of CatanOre...
34%
Guess Who characters (1987)Alfred...
31.8%
Pictionary categoriesAll Play...
31.5%
Diplomacy countriesEngland...
26.4%
Contract bridge positionsNorth...
23.3%
Scotland Yard modes of transportationTaxi, Bus, Underground
16.5%
Cranium categories/activitiesHumdinger...
15%
Candyland characters (1980s)Mr. Mint...
11.9%

You're not logged in!

Compare scores with friends on all Sporcle quizzes.
Join for Free
OR
Log In

You Might Also Like...

Show Comments

Extras

Top Quizzes Today


Score Distribution

Your Account Isn't Verified!

In order to create a playlist on Sporcle, you need to verify the email address you used during registration. Go to your Sporcle Settings to finish the process.

Report this User

Report this user for behavior that violates our Community Guidelines.

Details: